00977nam a2200277Ia 450000500170000000800270001702000180004410000210006224501000008325000170018330000640020053400200026465000480028465000480033265000290038065000280040965000300043770000380046770000270050526400330053233600270056533700330059233800280062504000350065308400110068820220317000401.0141031s9999 ck 000 0 spa d a97884155791371 aDonaldson, Julia14aLos muñecos de papel cJulia Donaldson ; traducción Roser Ruiz ; ilustraciones Rebecca Cobb a1a edición a[30] páginas sin enumerarbilustraciones en colorc28 cm. tThe paper dolls142LEMBaCuentos infantiles inglesesySiglo XX142LEMBaLiteratura infantil inglesaySiglo XX142LEMBaMuñecosvCuentos142LEMBaJuguetesvCuentos142LEMBaFantasíavCuentos1 aCobb, Rebecca,d1982-eilustrador1 aRuiz, Roseretraductor aBarcelona bB de Blockc2013 atextobtxt2rdacontent asin mediaciónbn2rdamedia avolumenbnc2rdacarrier aCO-BoRNBPbspaerdacCO-BoRNBP aC DON3